00277nam a22001097a 4500020001800000082001600018100001800034245005000052260004000102300000800142650001700150 a9789388162203 a342.087 EQB aEqbal, Afroze aThe Protection of Minorities and Human Rights aNew DelhibInnovative Imprintc2018 a232 aHuman rights